| 000 | 00350nam a2200145Ia 4500 | ||
|---|---|---|---|
| 003 | LK-CoDNM | ||
| 008 | 010623t xxu||||| |||| 00| 1 Illegeable d | ||
| 040 |
_aLK-CoDNM _dLK-CoDNM _eLK-CoDNM |
||
| 041 | _aIllegeable | ||
| 080 |
_a069.9 _bCAM |
||
| 245 | _aCultural Property Export Guide | ||
| 260 | _bCanada | ||
| 300 | _b31p., 28 cm | ||
| 942 | _cBK | ||
| 999 |
_c134120 _d134120 |
||